000 00694nam a2200289Ia 4500
005 20260324141049.0
008 008 260324s9999 xx 000 0 eng d
020 _a9780203975329
037 _aEBOOK
040 _aCRL
040 _beng
040 _cCRL
041 _2eng
041 _aeng
084 _qCRL
100 _aMuriel Jolivet; Anne-Marie Glasheen
_91206785
245 0 _aJapan: The Childless Society?
245 4 _bThe Crisis of Motherhood
260 _bTaylor and Francis
260 _c1997
365 _a
365 _b240
856 _uhttp://www.taylorfrancis.com/books/9780203975329
942 _cEBOOK
999 _c1809473
_d1809473